000 00866cam a2200241 a 4500
001 126
003 BR-CuiBMT
005 20231031211958.0
008 230818s2021 mgb 000 0 por d
020 _a9786555181784
040 _aBR-CuiBMT
_cBR-CuiBMT
080 _22007
_a347.952:336.22
_x(81)
090 _a347.952:336.22(81)
_bS587e
100 1 _aSilveira, Artur Barbosa da
245 1 0 _aExecução fiscal semijudicial no Brasil :
_ba quebra do paradigma da judicialização /
_cArtur Barbosa da Silveira ; prefácio, Massami Uyeda.
260 _aBelo Horizonte :
_bFórum,
_c2021.
300 _a128 p. ;
_c22 cm
504 _aInclui bibliografia.
650 _aExecução fiscal
_xAdministração tributária
_zBrasil
650 _aDireito constitucional
_xCobrança semijudicial
650 _aDireito processual civil
_xCobrança semijudicial
942 _2udc
_cLV
999 _c126
_d126